000 00249nam a2200097Ia 4500
008 120527s9999 xx 000 0 und d
100 _aPARSLOE,C.et al.
245 _aProject management handbook for building services.
260 _bCIBSE
942 _cBK
999 _c24087
_d24087